000 01155nam a2200313 a 4500
999 _c476679
_d476679
003 BLK
005 20240918150812.0
008 180410b bul|||||r ||||||| ||bul||
020 _a9786197596861
040 _aBLK
041 _aBUL
_cBUL
080 _aАмериканска литература (на САЩ)
_b821.111(73)
_x-31
_z821.111(73)-31
100 _aРобинсън, Мерилин
_eпърви автор
_91299
139 _aРобинсън, Мерилин
_bР 69
245 _aГалаад
_b[Роман]
_cМерилин Робинсън ; прев. от англ. Стела Джелепова.
257 _aRUS
260 _aСофия
_bЛист
_c2022
_fСмилков
_9216827
_n978-619-7350-
300 _a288 с.
_c21 см
380 _aX
500 _aОриг. загл.: Gilead / Marilynne Robinson.
700 _aДжелепова, Стела Алексеева
_eпрев. от англ.
_91021
852 _bД
_c821-31/Р 69 М
852 _a316991
_bЦб
856 _i0.00
_ldisable
942 _cKNG
_n0
_s1
_07
944 _aCR
_c2022-10-20
_k30542
_lРусанова Ирена
944 _aED
_c2023-03-22
_kХриси
999 _d476679